000 00560nam a2200181 i 4500
001 100854
003 ES-MaACL
005 20230906182750.0
007 t|
008 051006s1944 mx ||||1| spa d
100 1 _aMatthews, Herbert L.
_979132
245 1 4 _aLos frutos del fascismo /
_cHerbert L. Matthews; versión española de Teodoro Ortiz.
250 _a[1ª ed. en español].
260 _aMéxico :
_bFondo de Cultura Económica,
_c1944.
300 _a386 p. ;
_c22 cm.
700 1 _aOrtiz, Teodoro.
_987575
852 _aES-MaACL
_jD-8032
_bR.29791
999 _c100854
_d100854